000 00548nam a2200229Ia 4500
003 OSt
005 20240601105910.0
008 210210b1959 xxu||||| |||| 00| 0 eng d
040 _cAL
041 _aeng
082 _a823/37
100 _aSHAKESPEARE (William)
_9168948
245 _aAs you like it
260 _aLondon
_bUniversity of London Press.,
_c1959
650 _ayou
_9168949
650 _alike
_9168950
650 _ait
_9168951
650 _aAs
_9168952
690 _aEnglish Drama
_9168953
906 _a013589
942 _2ddc
_cBK
999 _c132470
_d132470